000 01072nam a22003257a 4500
003 CHAP
005 20220329134719.0
008 971013s1980 r 00010 d
010 _a24667
011 _a25639
035 _a29739
040 _cCHAP
082 _a636.085
_bB75
110 _aBritish Society of Animal Production
_915429
245 _aBy-products and waste in animal feeding
260 _aReading :
_b,
_c1980
300 _a117 p.
490 _aOccasional publication
590 _aBATCH-UPD
_b10
_c20130110
_lUCH01
_h1657
590 _aBATCH-UPD
_b10
_c20130410
_lUCH01
_h1046
590 _aBATCH-UPD
_b10
_c20130914
_lUCH01
_h1938
590 _aCONVERSION
_b10
_c20130109
_lUCH01
_h1314
650 1 4 _aAlimentos y alimentacion del ganado.
_94326
650 1 4 _aProductos agrícolas
_xSubproductos.
_992033
830 0 _aOccasional publication
_982632
901 _aBK
942 _cLIBRO
949 _a636.085 B75
_bBC
_cLIBRO
_d33724000255626
_eLIBRO
_h48821
_i29739
_si
949 _a636.085 B75
_bBC
_cLIBRO
_d33724000255634
_eLIBRO
_fc.2
_h56763
_i29739
_si
_t270.00
999 _c24667
_d24667